Dress and ornaments in ancient India / (Record no. 129664)

MARC details
000 -LEADER
fixed length control field 00723nam a22002297a 4500
005 - DATE AND TIME OF LATEST TRANSACTION
control field 20170124110100.0
010 ## - LIBRARY OF CONGRESS CONTROL NUMBER
LC control number A-733036
020 ## - INTERNATIONAL STANDARD BOOK NUMBER
Terms of availability 300.00
International Standard Book Number 8121700329
035 ## - SYSTEM CONTROL NUMBER
System control number A-733036
037 ## - SOURCE OF ACQUISITION
Source of stock number/acquisition Cen Lib/Ret
040 ## - CATALOGING SOURCE
Original cataloging agency DPL
Language of cataloging EN
082 ## - DEWEY DECIMAL CLASSIFICATION NUMBER
Classification number 954.01
Item number PAN
100 ## - MAIN ENTRY--PERSONAL NAME
Personal name Pandey, Indu Prabha
9 (RLIN) 27063
245 ## - TITLE STATEMENT
Title Dress and ornaments in ancient India /
Statement of responsibility, etc by Indu Prabha pandey
260 ## - PUBLICATION, DISTRIBUTION, ETC. (IMPRINT)
Name of publisher, distributor, etc Bhartiya Vidya Prakashan
Place of publication, distribution, etc New Delhi
Date of publication, distribution, etc 1988
270 ## - ADDRESS
City New Delhi
Address 1 U.B. Jawahar Nagar, Bunglow Road
Postal code 110007
300 ## - PHYSICAL DESCRIPTION
Extent xi, 232p. ;
Dimensions 21cm(Hb)
Other physical details ill.
500 ## - GENERAL NOTE
General note Includes index
650 ## - SUBJECT ADDED ENTRY--TOPICAL TERM
Topical term or geographic name as entry element Manners and customs
9 (RLIN) 86461
650 ## - SUBJECT ADDED ENTRY--TOPICAL TERM
Topical term or geographic name as entry element Dress accessories
9 (RLIN) 27065
942 ## - ADDED ENTRY ELEMENTS (KOHA)
Source of classification or shelving scheme Dewey Decimal Classification
Koha item type English Books
Classification part 954.01
Call number suffix PAN
Holdings
Withdrawn status Lost status Damaged status Not for loan Home library Current library Date acquired Source of acquisition Cost, normal purchase price Total Checkouts Total Renewals Full call number Barcode Date last seen Date checked out Copy number Cost, replacement price Price effective from Koha item type
        Central Library Central Library 07/07/2015 Cen Lib/Ret 300.00 2 1 954.01 PAN A-733036 19/05/2017 22/04/2017 1 300.00 07/07/2015 English Books

© Delhi Public Library
Hit Counter
free hit counter